Holiday Quiz

Random Holiday or Lyrics Quiz

'Silver Bells' Lyrics Quiz Stats

 Plays Quiz Updated Aug 14, 2019

     
Support Sporcle.
Go Orange.
Score 0/96 Timer 05:00
3 Plays Today
% Correct
[Chorus]
100%
[Chorus]
99.9%
Silver
98.1%
silver
98.1%
be
97.7%
bells,
97.4%
bells.
97.4%
the
93.7%
the
93.7%
the
93.7%
the
93.7%
the
93.7%
a-
91.9%
a
91.9%
a
91.9%
it
90.5%
Christmas
90.5%
Christmas
90.5%
Christmas.
90.5%
in
90.2%
in
90.2%
In
90.2%
time
87.3%
It's
86.2%
city
86.2%
City
86.2%
Ring-
84.9%
ring.
84.9%
will
83.3%
day.
83.3%
Hear
83%
hear.
83%
% Correct
Hear
83%
hear.
83%
day.
83%
Soon
82.1%
ling.
82%
them
82%
sidewalks,
72.2%
sidewalks,
72.2%
of
69.2%
of
69.2%
and
68.2%
and
68.2%
And
68.2%
holiday
67.9%
you
66.7%
dressed
63.7%
busy
63.1%
air
60.3%
feeling
59.8%
there's
59.7%
people
58.9%
Children
58.3%
on
57.7%
style.
57.3%
street
57.1%
street
57.1%
laughing,
56.6%
is
53.5%
every
52.1%
corner
49.5%
lights,
49.4%
lights,
49.4%
% Correct
snow
48.1%
passing,
47.4%
smile
47.2%
smile,
47.2%
after
47.1%
all
45.5%
This
45.2%
this
45.2%
red
43.3%
See
43.3%
green,
43.2%
with
42.3%
bright
41.7%
Santa's
40.9%
big
40.9%
their
40.3%
as
38.9%
stop
38.1%
you'll
37.6%
home
37.3%
rush
36.6%
shoppers
36.3%
even
35.7%
meeting
34.5%
kids
34.4%
above
34.1%
treasures.
33.7%
Blink
33.5%
bustle
33.3%
crunch.
32.6%
Strings
29.8%
bunch.
28.3%

From the Vault

Famous Historical 'Q, U, X, Y and Z' First Names

by Aprilli

History 5m
Not to be confused with Famous Historical Quxyz's.
Remove Ads.
Support Sporcle.
Get the best of Sporcle when you Go Orange. This ad-free experience offers more features, more stats, and more fun while also helping to support Sporcle. Thank you for becoming a member.

Show Comments

Extras

Top Quizzes Today


Score Distribution

Your Account Isn't Verified!

In order to create a playlist on Sporcle, you need to verify the email address you used during registration. Go to your Sporcle Settings to finish the process.

Report this User

Report this user for behavior that violates our Community Guidelines.

Details: